000 00671nam a22002297a 4500
003 UA-OsUOA
001 45784
007 ta
008 20111128b un ||||| |||| 00| 0 ukr d
090 _a94(477).152 K
942 _cBK
040 _aUA-OsUOA
_beng
_cUA-OsUOA
_dUA-OsUOA
245 _aA Heritage in Transition
_bEssays in the History of Ukrainians in Canada
300 _a344 p.
955 _a4
041 _aeng
080 _a94(477).152 K
260 _c1982
650 7 _a9 Географія. Біографії. Історія
_2UDC
999 _c425886
_d425886